Quizzes
Events
Quiz Creation
Community
Videos
Private Events
Remove Ads
Sign In
Join for FREE
Feedback
Dark Mode
Quiz Categories
Sports
Geography
Music
Movies
Television
Just For Fun
Miscellaneous
History
Literature
Language
Science
Gaming
Entertainment
Religion
Holiday
For Kids
Quiz Lab
Recent
Popular Today
Quiz Kudos Today
Editor Picks
Curator Picks
Quizzes by...
Day
Popularity
Type
Ratings
Length
Year
Community
Subscriptions
Recent Discussions
Orange Saloon
Badges
Playlists
Quests
Create
Leaderboards
Showdown
Live 5
Trivia Bingo
Activity
Puzzle Library
Sporcle Events
Private Events
Virtual Trivia
Globe League
Become a Host
Pub Owners
SporcleCon
Opinionation
Our Games
Videos
Blog
Mobile Apps
Partnerships
Remove Ads and Go Orange
Feedback
Literature
Harry Potter
A Song of Ice and Fire
The Hunger Games
Literary Character
Shakespeare
Book
Author
Novel
Poem
Young Adult
Children's Books
Play
Lord of the Rings
Literature
Harry Potter
A Song of Ice and Fire
The Hunger Games
Literary Character
Shakespeare
Book
Author
Novel
Poem
Young Adult
Children's Books
Play
Lord of the Rings
Random Quiz
Search Sporcle
×
Curator Pick
Curator Pick
Literature
Typing
Type in answers that appear in a list
Type in answers that appear in a list
Classic
Best Score? Go Orange.
A Song of Ice and Fire Typing Challenge Stats
Can you name the A Song of Ice and Fire Typing Challenge?
By
targaryen421
60s
46 Questions
7,062 Plays
7,062 Plays
7,062 Plays
Comments
Comments
Give Quiz Kudos
Give Quiz Kudos
-
- Ratings
hide this ad
More Info
No Skip
Answers have to be entered in order without skipping
Answers have to be entered in order without skipping
Replay
Link that replays current quiz
Next Quiz
Link to next quiz in quiz playlist
You Got
0%
They Got
Avg Score
69%
Avg Friend Score
Upgrade to see
Score Distribution
Jump to the score distribution portion of the page
Score
0/46
Timer
01:00
0
Plays Today
Word
Type it
% Correct
?
???
100%
?
???
99.4%
?
???
99%
?
???
98.6%
?
???
98.5%
?
???
98.3%
?
???
98%
?
???
97.8%
?
???
97.7%
?
???
97.5%
?
???
97.4%
?
???
97.2%
?
???
97%
?
???
96.7%
?
???
96.5%
?
???
96.3%
?
???
95.7%
?
???
95%
?
???
93.9%
?
???
93%
?
???
91.9%
?
???
89.7%
?
???
86.8%
Word
Type it
% Correct
?
???
83.7%
?
???
80.6%
?
???
76.8%
?
???
73.8%
?
???
69.8%
?
???
64.2%
?
???
58.8%
?
???
54.2%
?
???
49.1%
?
???
43.3%
?
???
37.7%
?
???
33.5%
?
???
29%
?
???
22.2%
?
???
19.1%
?
???
16.1%
?
???
12.8%
?
???
10.7%
?
???
7.6%
?
???
5.1%
?
???
2.9%
?
???
1.8%
?
???
0.9%
Quiz Playlist
Details
Report
Send in Message
Add To Playlist
More Info:
Type the progressively harder ASoIaF themed words in under a minute.
Classic:
Type in answers that appear in a list
No Skip:
Answers have to be entered in order without skipping
Last Updated: Feb 16, 2017
Curator Pick in
A Song of Ice and Fire
Quiz Scoreboard
CHALLENGE
Sign Up to Join the Scoreboard
Show All
Scores
Hide
Comments
May contain spoilers
Recently Published
Alphabetical 'K' Countries by Flag Minefield
by ylime102
Geography
3m
Pick 6: Fruits
by JohnFran
Miscellaneous
15s
Click the 1999 NBA Draft
by nibperrychub
Sports
2m
More to Explore
Quiz From the Vault
Featured Blog Post
15 Basketball Trivia Facts You Can Be March Mad About
hide this ad
You Might Also Like...
Tags
A Song of Ice and Fire Quiz
Song Quiz
Typing Quiz
challenge
fire
Game of Thrones
ice
Today's Top Quizzes in Literature
Browse Literature
hide this ad
Today's Top Quizzes in Typing
Browse Typing
Top Contributed Quizzes in Literature
1
Season Plays
2
Harry Potter Characters: Logic Puzzle
3
Pick 3: Harry Potter Hogwarts Quidditch Players
4
Harry Potter Logic Quiz New
5
4-to-1 Blitz: Harry Potter
6
Word Ladder: King's 'The Stand'
7
Spring Reading List
8
A Court of Thorns and Roses (ACoTaR) Criteria Quiz
9
Chronology: Percy Jackson - Character deaths
10
percy jackson logic puzzle
Explore More
Trending Topics
Marvel
NBA
Anime
Crossword
Kpop
Harry Potter
Disney
NFL
Country
Puzzle
WWE
Soccer
Pokémon
Song
The Office
hide this ad
More By:
targaryen421
Quiz
Plays
Rating
Category
Featured
Created
A Song of Ice and Fire Typing Challenge
7,062
3.88
Literature
Jan 23, 2012
A Song of Ice and Fire Quotes
2,131
3.88
Literature
Oct 23, 2011
A Game of Thrones First 200 Words
2,119
4.50
Literature
Apr 19, 2012
First 200 Words of A Clash of Kings
543
5.00
Literature
Jun 8, 2012
Go to Creator's Profile
Score Distribution
Quiz Creator Spotlight
targaryen421
Follow
Send a Message
Quizzes Created
-
Created Quiz Play Count
-
More By This Creator
Popular Quizzes Today
1
Countries of Asia Without Outlines Minefield
2
Find the US States - No Outlines Minefield
3
Pick 6: Fruits
4
Alphabetical 'K' Countries by Flag Minefield
5
The Countries of the World
6
Find the US States
7
US States
8
Find the Countries of Europe - No Outlines Minefield
More Literature Quizzes
Mixed Word: The Hunger Games
Curator's Pick
Trending Quizzes
Pick 6: Harry Potter
Pick 6: Mountains
Pick 6: NFL Teams
Pick 6: Flags
Pick 6: Movie Franchises
Recently Updated
NWSL Teams
pecheneg
Women's Final Four Teams by Year
bhenderson79
Presidents Quartet II
eogle
Anything But Clue(do)
eogle
Anything But Oceanian Capitals
eogle
Anything But 7
eogle
Anything But Thing
eogle
Word Ladder: February 29
pecheneg
Song Title Questions
pecheneg
Women's NCAA Tournament #1 Seeds
pecheneg
Trending Topics
Kpop
NBA
Anime
Disney
Crossword
Harry Potter
Marvel
WWE
Song
The Office
Country
NFL
Puzzle
Soccer
Pokémon
Your Account Isn't Verified!
In order to create a playlist on Sporcle, you need to verify the email address you used during registration. Go to your
Sporcle Settings
to finish the process.
Report this User
Report this user for behavior that violates our
Community Guidelines
.
Details:
Send Report
Go to the Sporcle.com Mobile Site →
Comments